[Event "Dhaka Bangabandhu op-B"]
[Site "Dhaka"]
[Date "2021.03.15"]
[Round "7"]
[White "Sabya, Sachi"]
[Black "Gulam, Sarwar"]
[Result "0-1"]
[WhiteElo "1874"]
[BlackElo "1795"]
[PlyCount "62"]
[EventDate "2021.03.09"]
[EventType "swiss"]
[EventRounds "9"]
[EventCountry "BAN"]
[SourceTitle "CBM 201 Extra"]
[Source "ChessBase"]
[SourceDate "2021.05.31"]
[SourceVersion "1"]
[SourceVersionDate "2021.05.31"]
[SourceQuality "1"]

1. e4 c5 2. Nf3 Nc6 3. d4 cxd4 4. Nxd4 d6 5. Bc4 e6 6. Nc3 Nf6 7. Be3 Be7 8. Bb3 0-0 9. f3 Na5 10. Qd2 Nxb3 11. axb3 a6 12. 0-0 h6 13. Rfd1 Bd7 14. Kh1 Rc8 15. Na4 Qc7 16. c4 Bxa4 17. Rxa4 Nd7 18. Ne2 Ne5 19. Ng3 Kh7 20. Nh5 b5 21. cxb5 axb5 22. Ra7 Qd8 23. Qd4 Rg8 24. h3 Nc6 25. Qd3 Nxa7 26. e5+ g6 27. exd6 Bxd6 28. Bxa7 Qh4 29. Bb6 Bc5 30. Bxc5 Rxc5 31. g4 Rd5 0-1

[Event "BAN-chT2 Borsho 2nd"]
[Site "Bangladesh"]
[Date "2021.01.23"]
[Round "4.1"]
[White "Gulam, Sarwar"]
[Black "Zahid, Sanatan"]
[Result "0-1"]
[WhiteElo "1806"]
[BlackElo "1892"]
[PlyCount "120"]
[EventDate "2021.01.20"]
[EventType "team-tourn"]
[EventRounds "9"]
[EventCountry "BAN"]
[SourceTitle "CBM 200 Extra"]
[Source "ChessBase"]
[SourceDate "2021.03.31"]
[SourceVersion "1"]
[SourceVersionDate "2021.03.31"]
[SourceQuality "1"]
[WhiteTeam "Elegant Int CA Eli"]
[BlackTeam "Latif Travels CC"]
[WhiteTeamCountry "BAN"]
[BlackTeamCountry "BAN"]

1. d4 Nf6 2. c4 e6 3. Nc3 Bb4 4. Qc2 b6 5. e4 Bb7 6. Bd3 Bxc3+ 7. bxc3 d6 8. Bg5 h6 9. Bh4 Nbd7 10. Nf3 g5 11. Bg3 Qe7 12. Qe2 e5 13. 0-0 Nh5 14. Bc2 Nf4 15. Qd2 h5 16. h4 f6 17. a4 a5 18. Rab1 Ba6 19. Bb3 Rd8 20. Rbd1 Kf8 21. Rfe1 Kg7 22. Ba2 Rhe8 23. Bb3 Nf8 24. Bxf4 gxf4 25. g3 Qe6 26. gxf4 Qg4+ 27. Kh2 Qxf3 28. Rg1+ Kh7 29. Rg2 Ng6 30. Rdg1 Rg8 31. c5 Nxf4 32. Bxg8+ Rxg8 33. Rg3 Rxg3 34. Rxg3 Qxe4 35. dxe5 fxe5 36. cxd6 Bb7 37. Qd1 cxd6 38. Qg1 Ng6 39. f3 Qxh4+ 40. Rh3 Qf4+ 41. Qg3 Kh6 42. Qxf4+ Nxf4 43. Rg3 Ne2 44. Rg8 Nxc3 45. Rb8 Bxf3 46. Rxb6 Nxa4 47. Rxd6+ Kg5 48. Ra6 Nc3 49. Rxa5 Kf4 50. Ra3 Ne2 51. Ra2 e4 52. Ra3 e3 53. Ra4+ Be4 54. Ra5 Ng3 55. Kg1 Kf3 56. Ra3 Ne2+ 57. Kf1 h4 58. Ra6 h3 59. Rh6 Nf4 60. Kg1 e2 0-1

[Event "Dhaka Gateway Academy op"]
[Site "Dhaka"]
[Date "2020.01.04"]
[Round "6"]
[White "Gulam, Sarwar"]
[Black "Noshin, Anjum"]
[Result "0-1"]
[WhiteElo "1827"]
[BlackElo "1858"]
[PlyCount "92"]
[EventDate "2019.12.30"]
[EventType "team-tourn"]
[EventRounds "7"]
[EventCountry "BAN"]
[SourceTitle "CBM 194 Extra"]
[Source "ChessBase"]
[SourceDate "2020.03.31"]
[SourceVersion "1"]
[SourceVersionDate "2020.03.31"]
[SourceQuality "1"]

1. d4 d5 2. c4 c6 3. e3 e6 4. Nf3 Nf6 5. Nc3 Nbd7 6. Bd3 dxc4 7. Bxc4 b5 8. Bd3 a6 9. 0-0 Bd6 10. e4 e5 11. Bg5 0-0 12. Rc1 Bb7 13. a3 Rc8 14. Bb1 Re8 15. h3 h6 16. Bh4 exd4 17. Nxd4 Qc7 18. Nf5 Bf4 19. Bg3 Bxg3 20. Nxg3 Ne5 21. Qc2 Nc4 22. Ba2 Ne3 23. fxe3 Qxg3 24. Rf3 Qe5 25. Rcf1 c5 26. Rf5 Bxe4 27. Nxe4 Qxe4 28. Qxe4 Rxe4 29. Kf2 c4 30. Rd1 Kf8 31. Rd6 c3 32. bxc3 Ra4 33. Bd5 Rxa3 34. Bb7 Rb8 35. Re5 Rxc3 36. Bxa6 b4 37. Bd3 b3 38. Ke2 Rxd3 39. Rxd3 b2 40. Rd8+ Rxd8 41. Rb5 Nd5 42. Rxb2 Ke7 43. Kf3 Rc8 44. Rb5 Ke6 45. e4 Rc3+ 46. Kg4 Nf6+ 0-1

[Event "Dhaka Gateway Academy op"]
[Site "Dhaka"]
[Date "2020.01.03"]
[Round "5"]
[White "Nasim Hossain, Bhuiyan"]
[Black "Gulam, Sarwar"]
[Result "0-1"]
[WhiteElo "1794"]
[BlackElo "1827"]
[PlyCount "88"]
[EventDate "2019.12.30"]
[EventType "team-tourn"]
[EventRounds "7"]
[EventCountry "BAN"]
[SourceTitle "CBM 194 Extra"]
[Source "ChessBase"]
[SourceDate "2020.03.31"]
[SourceVersion "1"]
[SourceVersionDate "2020.03.31"]
[SourceQuality "1"]

1. e4 e5 2. Nf3 Nc6 3. Bb5 d6 4. d4 exd4 5. Nxd4 Bd7 6. 0-0 Be7 7. Nc3 Nf6 8. Bg5 0-0 9. Nxc6 bxc6 10. Bd3 h6 11. Bh4 Rb8 12. Rb1 Re8 13. Bg3 Ng4 14. h3 Ne5 15. f4 Nxd3 16. Qxd3 Bh4 17. Bf2 Bf6 18. Bxa7 Rb7 19. Bd4 Bxd4+ 20. Qxd4 Qb8 21. b3 Rb4 22. Qf2 Qa8 23. a4 Re6 24. Rbd1 Qa5 25. Rd3 Bc8 26. f5 Re5 27. Rg3 d5 28. Qd2 Kh7 29. f6 g6 30. exd5 cxd5 31. Rf2 Qc5 32. Rd3 c6 33. Nd1 Rbe4 34. Kh2 Re1 35. b4 Qa7 36. Nc3 Qc7 37. Qf4 Qa7 38. g4 Be6 39. b5 cxb5 40. axb5 Qa1 41. Qf3 d4 42. Rxd4 R5e3 43. Qg2 Qxc3 44. Rd3 Qe5+ 0-1

[Event "Dhaka Walton op 07"]
[Site "Dhaka"]
[Date "2018.07.06"]
[Round "3"]
[White "Muhimenul, Islam"]
[Black "Gulam, Sarwar"]
[Result "1/2-1/2"]
[WhiteElo "2001"]
[BlackElo "1850"]
[PlyCount "92"]
[EventDate "2018.07.04"]
[EventType "swiss"]
[EventRounds "9"]
[EventCountry "BAN"]
[SourceTitle "EXT 2019"]
[Source "ChessBase"]
[SourceDate "2018.10.10"]
[SourceVersion "1"]
[SourceVersionDate "2018.10.10"]
[SourceQuality "1"]

1. Nf3 d5 2. g3 Nf6 3. Bg2 c5 4. c4 e6 5. 0-0 Nc6 6. b3 Be7 7. Bb2 0-0 8. d4 b6 9. Nc3 Bb7 10. cxd5 exd5 11. e3 Rc8 12. Rc1 Re8 13. Ne5 cxd4 14. Nxc6 Bxc6 15. Qxd4 Bc5 16. Qd3 d4 17. exd4 Bxg2 18. Kxg2 Bxd4 19. Rfd1 Bxc3 20. Rxc3 Qxd3 21. Rcxd3 h6 22. Bxf6 gxf6 23. Rd7 Rc2 24. Rxa7 Ree2 25. Rf1 Rxa2 26. Rxa2 Rxa2 27. Rd1 Rb2 28. Rd3 Kf8 29. Kf3 Ke7 30. Ke3 Ke6 31. h4 h5 32. f3 Ke5 33. f4+ Kf5 34. Kf3 Rb1 35. Rd5+ Ke6 36. Rb5 Rf1+ 37. Ke2 Rb1 38. Rxb6+ Kf5 39. Kf3 Rf1+ 40. Kg2 Rb1 41. Rb8 Kg4 42. Rg8+ Kf5 43. Rb8 Kg4 44. Rg8+ Kf5 45. Rb8 Kg4 46. Rg8+ Kf5 1/2-1/2

[Event "Dhaka Powertec op-B"]
[Site "Dhaka"]
[Date "2017.07.23"]
[Round "9"]
[White "Gulam, Sarwar"]
[Black "Jasimuddin, Md"]
[Result "0-1"]
[WhiteElo "1878"]
[BlackElo "1734"]
[PlyCount "76"]
[EventDate "2017.07.15"]
[EventType "swiss"]
[EventRounds "9"]
[EventCountry "BAN"]
[SourceTitle "EXT 2018"]
[Source "ChessBase"]
[SourceDate "2017.10.13"]
[SourceVersion "1"]
[SourceVersionDate "2017.10.13"]
[SourceQuality "1"]

1. d4 Nf6 2. c4 e5 3. e3 exd4 4. exd4 Bb4+ 5. Bd2 Qe7+ 6. Be2 0-0 7. Nc3 Re8 8. Qc2 Nc6 9. Be3 d5 10. 0-0-0 Bxc3 11. Qxc3 Ne4 12. Qc2 Bf5 13. Bd3 Nb4 14. Qb3 Nxd3+ 15. Rxd3 dxc4 16. Qxc4 Nd6 17. Qc3 Bxd3 18. Qxd3 Qe4 19. Qxe4 Nxe4 20. Nf3 f6 21. Nd2 Nd6 22. Kb1 Nf5 23. Rc1 Nxe3 24. fxe3 Rxe3 25. Rxc7 Re2 26. Kc2 b6 27. Kc3 Rxg2 28. a4 Rxh2 29. b4 Rh1 30. Nb3 Re1 31. Rd7 Re3+ 32. Kc4 a6 33. Rd6 b5+ 34. axb5 axb5+ 35. Kxb5 Rxb3 36. Kc4 Rb1 37. b5 Rb8 38. Rd5 Kf7 0-1

[Event "Dhaka SGS op"]
[Site "Dhaka"]
[Date "2017.06.11"]
[Round "9"]
[White "Hasan, Azizul"]
[Black "Gulam, Sarwar"]
[Result "0-1"]
[WhiteElo "1599"]
[BlackElo "1879"]
[PlyCount "58"]
[EventDate "2017.06.03"]
[EventType "swiss"]
[EventRounds "9"]
[EventCountry "BAN"]
[SourceTitle "EXT 2024"]
[Source "ChessBase"]
[SourceDate "2023.10.10"]
[SourceVersion "1"]
[SourceVersionDate "2023.10.10"]
[SourceQuality "1"]

1. e4 e5 2. Nc3 Nf6 3. f4 d6 4. d4 exd4 5. Qxd4 Nc6 6. Qc4 Be7 7. Nf3 0-0 8. a3 a6 9. Be3 Na5 10. Qa4 b6 11. 0-0-0 c5 12. e5 b5 13. Nxb5 axb5 14. Bxb5 Ng4 15. Bxc5 Be6 16. Bxd6 Nb3+ 17. cxb3 Rxa4 18. bxa4 Nf2 19. Bb4 Qc7+ 20. Kb1 Nxh1 21. Rxh1 Bf5+ 22. Ka1 Bxb4 23. axb4 Qb6 24. h3 Qxb5 25. b3 Qxb4 26. Ka2 Rb8 27. Nd4 Qxd4 28. g4 Qb4 29. Rh2 Qxb3+ 0-1